000 01890nam a22002777a 4500
001 1301
005 20250530114700.0
020 _a9789996305047
040 _aFISKH
_beng
_cFISKH
_dFISKH
082 _a398.2
100 _aSumnea, Meng
_d1982-
245 _aព្រះនាងប្រាថ្នា /
_cម៉េង សុមនា - ស៊ូ សុភី
250 _aបោះពុម្ពលើកទី ៦ ខែមិថុនា ២០២១​
260 _aPhnom Penh :
_bSipar,
_c2021.
300 _a39 pages :
_bcolor illustrations ;
_c20 cm
490 _aខ្ញុំអានបាន
505 _aY
520 _aប្រាថ្នាជាបុត្រីរបស់ព្រះរាជា តែនាងត្រូវរស់នៅយ៉ាងវេទនាក្នុងរោងជាងកាត់ដេរ ព្រោះម្ដាយនាងត្រូវគេចោទថាក្បត់ចិត្តស្វាមី។ គ្មានអ្នកណារាប់រកនាងទេ មានតែកែវដែលជាវិញ្ញានស្រ្តីចិត្តល្អម្នាក់។ ហើយ ប្រាថ្នាមិនបានដឹងនោះទេថានោះគឺជាម្ដាយរបស់ខ្លួន។
520 _aPratna is the king's daughter, but she had to live in misery in a garment factory because her mother was accused of betraying her husband. No one talks or makes friends with her, except Keo, the spirit of a kind woman who Pratna did not know that was her mother.
521 _a890
_bLexile estimate
521 _aY
_bRaz-Plus
650 _aយក្ស​
_vព្រលឹង​
_xចោទប្រកាន់
650 _aGiant monster
_vSpirit
_xAccuse
700 _aSophy, Sou
_cillustrator
942 _2ddc
_cBK
_n0
999 _c1301
_d1301